| 000 | 00430pab a2200181 454500 | ||
|---|---|---|---|
| 008 | 180718b2005 xxu||||| |||| 00| 0 eng d | ||
| 100 | _aMishra, Kamal K. | ||
| 245 | _aEnvironment and tribal policy in India | ||
| 260 | _c2005 | ||
| 300 | _ap.265-72. | ||
| 362 | _aJul-Dec | ||
| 650 | _aTribes - India | ||
| 650 | _aEnvironment - India | ||
| 650 | _aEnvironment | ||
| 773 | _aMan in India | ||
| 908 | _aN | ||
| 909 | _a73653 | ||
| 999 |
_c73653 _d73653 |
||